Využitie solárnych a fotovoltaických systémov v domácnostiach diplomová práca

Enregistré dans:
Détails bibliographiques
Auteur principal: Štábel, Martin
Collectivité auteur: Podnikovohospodárska fakulta EU so sídlom v Košiciach. Katedra marketingu a obchodu
Autres auteurs: Urblíková, Daniela
Format: Livre
Langue:slovaque
Publié: Košice 2011
Tags: Ajouter un tag
Pas de tags, Soyez le premier à ajouter un tag!

MARC

LEADER 00000nbm a2200000 4500
001 0130492
005 20161109101538.8
041 0 |a slo 
044 |a SK 
245 1 0 |a Využitie solárnych a fotovoltaických systémov v domácnostiach  |b diplomová práca  |c Martin Štábel ; školiteľ: Daniela Urblíková 
264 1 |a Košice  |c 2011 
300 |a 65 s. 
100 1 |a Štábel, Martin 
700 1 |a Urblíková, Daniela 
710 2 |a Podnikovohospodárska fakulta EU so sídlom v Košiciach. Katedra marketingu a obchodu